Statistics for Year of Celebrities' Birth

Click here to take the quiz!

General Stats

  • This quiz has been taken 92 times
  • The average score is 9 of 12

Answer Stats

HintAnswer% Correct
Anne Hathaway1982
87%
J.K. Rowling1965
83%
LeBron James1984
83%
Jennifer Lawrence1990
82%
Ellen DeGeneres1958
79%
Michael Phelps1985
78%
Steven Spielberg1946
76%
Nelson Mandela1918
68%
Yo-Yo Ma1955
66%
Alex Trebek1940
64%
Paula Deen1947
64%
Ruby Bridges1954
61%

Score Distribution

Percentile by Number Answered

Percent of People with Each Score

Your Score History

You have not taken this quiz